[Event "SVK-ch U12"]
[Site "Tatralandia"]
[Date "2025.05.13"]
[Round "4"]
[White "Relovsky, Tomas"]
[Black "Abdou, Fransis Thomas"]
[Result "0-1"]
[WhiteElo "1000"]
[BlackElo "1549"]
[PlyCount "86"]
[EventDate "2025.05.11"]
[EventType "swiss"]
[EventRounds "9"]
[EventCountry "SVK"]
[SourceTitle "CB21_2025"]
[SourceDate "2025.05.21"]
[SourceVersion "1"]
[SourceVersionDate "2025.05.21"]
[SourceQuality "1"]

1. d4 d5 2. Bf4 Nf6 3. Nf3 c6 4. Nc3 Bf5 5. e3 e6 6. Bd3 Bg6 7. Ne5 Bxd3 8. Qxd3 Nbd7 9. Bg5 Be7 10. 0-0-0 b5 11. Nxc6 Qc7 12. Nxe7 Kxe7 13. Nxb5 Qb6 14. Qa3+ Kd8 15. Nd6 Rf8 16. Bxf6+ gxf6 17. e4 Kc7 18. exd5 Qxd6 19. Qxd6+ Kxd6 20. dxe6 fxe6 21. c4 Rfc8 22. b3 a5 23. d5 e5 24. Kb2 a4 25. b4 Rxc4 26. a3 Rac8 27. Rd2 Nb6 28. Rhd1 Rc3 29. f3 Rb3+ 30. Ka2 Rcc3 31. h3 Rxa3+ 32. Kb2 Nc4+ 33. Kb1 Nxd2+ 34. Rxd2 Rcb3+ 35. Kc1 Ra1+ 36. Kc2 Ra2+ 37. Kc1 Rxd2 38. Kxd2 Rxb4 39. Ke3 a3 40. Kf2 a2 41. Kg3 a1Q 42. Kh2 Qd4 43. f4 Qxf4+ 0-1

[Event "SVK-ch U12 rapid"]
[Site "Poprad"]
[Date "2025.05.03"]
[Round "5"]
[White "Kucak, Filip"]
[Black "Relovsky, Tomas"]
[Result "1-0"]
[WhiteElo "1553"]
[BlackElo "1000"]
[PlyCount "79"]
[EventDate "2025.05.03"]
[EventType "swiss (rapid)"]
[EventRounds "7"]
[EventCountry "SVK"]
[SourceTitle "CB19_2025"]
[SourceDate "2025.05.07"]
[SourceVersion "1"]
[SourceVersionDate "2025.05.07"]
[SourceQuality "1"]

1. e4 e5 2. Nf3 Nc6 3. d4 exd4 4. Nxd4 Bc5 5. Be3 Bb6 6. Nc3 Ba5 7. Nxc6 Bxc3+ 8. bxc3 bxc6 9. Rb1 Nf6 10. Bd3 d5 11. exd5 cxd5 12. Bg5 h6 13. Bh4 Bg4 14. Bxf6 Bxd1 15. Bxd8 Bxc2 16. Bxc2 Kxd8 17. 0-0 Re8 18. Rfe1 Kd7 19. Ba4+ c6 20. Rb7+ Kd6 21. Rxe8 Rxe8 22. Kf1 Rf8 23. Rxa7 Kc5 24. Rc7 Kd6 25. Rxc6+ Ke5 26. Bb3 Ke4 27. Ke2 g6 28. f3+ Ke5 29. Rc5 Rd8 30. c4 Kf6 31. Rxd5 Re8+ 32. Kf2 h5 33. Rd3 g5 34. Rc3 Kg6 35. c5 f6 36. c6 Rc8 37. c7 Kf5 38. Bc2+ Ke6 39. g4 h4 40. Bf5+ 1-0

[Event "SVK-chT U12 rapid"]
[Site "Poprad"]
[Date "2025.05.02"]
[Round "5.29"]
[White "Relovsky, Tomas"]
[Black "Hrdy, David"]
[Result "1-0"]
[WhiteElo "1000"]
[BlackElo "1596"]
[PlyCount "133"]
[EventDate "2025.05.02"]
[EventType "team-swiss (rapid)"]
[EventRounds "7"]
[EventCountry "SVK"]
[SourceTitle "CB19_2025"]
[SourceDate "2025.05.07"]
[SourceVersion "1"]
[SourceVersionDate "2025.05.07"]
[SourceQuality "1"]

1. e4 e5 2. Nf3 Nc6 3. Bc4 Nf6 4. Nc3 Bc5 5. Ng5 0-0 6. Nxf7 Rxf7 7. Bxf7+ Kxf7 8. d3 d6 9. Bg5 Be6 10. a3 Kg8 11. 0-0 h6 12. Bh4 Qe7 13. b4 Bd4 14. Qd2 Rf8 15. Rab1 Bxc3 16. Qxc3 Nd4 17. Qd2 a6 18. c3 Nc6 19. d4 Bc8 20. d5 Nb8 21. c4 Nbd7 22. Qe3 b5 23. cxb5 axb5 24. f3 Nb6 25. Qd3 Bd7 26. Rbc1 Be8 27. Rc3 Nc4 28. Rfc1 g5 29. Bf2 Rf7 30. R1c2 Nh5 31. g3 Kg7 32. a4 Qf6 33. Kg2 Kh8 34. axb5 Bxb5 35. Rxc4 Bxc4 36. Rxc4 g4 37. Rc3 Ng7 38. Qe2 gxf3+ 39. Rxf3 Qe7 40. Rxf7 Qxf7 41. h4 Qd7 42. b5 Qe8 43. Qc4 Qd7 44. Qc6 Qxc6 45. bxc6 Ne8 46. Ba7 Kg7 47. Kf3 Kg6 48. g4 Nf6 49. Bb8 Ne8 50. Ke3 Kf6 51. Kd3 Kf7 52. Kc4 Ke7 53. Kb5 Kd8 54. Ka6 Kc8 55. Ka7 Kd8 56. Kb7 Nf6 57. Bxc7+ Ke8 58. Bxd6 Nxe4 59. Bxe5 Nc5+ 60. Ka8 Kd8 61. c7+ Kc8 62. d6 Nd7 63. Bf4 h5 64. gxh5 Nf6 65. h6 Nh7 66. Bg5 Kd7 67. Kb7 1-0